| 000 | 00649nam a2200193Ia 4500 | ||
|---|---|---|---|
| 005 | 20250508163338.0 | ||
| 008 | 008 250505s9999 xx 000 0 eng d | ||
| 037 | _aDissertations | ||
| 040 |
_aFEDL _beng _cFEDL |
||
| 041 |
_aeng _2eng |
||
| 084 |
_a371.7, OJH/DI _qFEDL |
||
| 100 |
_aOjha Malti _9775174 |
||
| 245 | 0 | _aComparative study of teaching statistics (central tendencies) on low and high achievers through programmed learning and traditional method of teaching | |
| 260 | _c1980 | ||
| 300 | _a105p. | ||
| 546 | _aM. Ed. Dissertation (Udaipur University) | ||
| 942 |
_cDIS _h371.7, OJH/DI |
||
| 999 |
_c1382463 _d1382463 |
||